[Event "ICS rated blitz match"]
[Site "204.178.125.65"]
[Date "1999.10.18"]
[Round "?"]
[White "Hossa"]
[Black "SirChess"]
[Result "1-0"]
[WhiteElo "2524"]
[BlackElo "2226"]
[PlyCount "71"]
[EventDate "1999.??.??"]

1. e4 e5 2. Nf3 Nc6 3. Bb5 a6 4. Ba4 Nf6 5. O-O Be7 6. Re1 b5 7. Bb3 d6 8. c3
O-O 9. h3 Na5 10. Bc2 c5 11. d4 exd4 12. cxd4 c4 13. e5 Nd5 14. exd6 Bxd6 15.
Nc3 Nb4 16. Be4 Rb8 17. Rb1 Nbc6 18. Bg5 Be7 19. Bf4 Bd6 20. Bxd6 Qxd6 21. Ng5
g6 22. Bxc6 Nxc6 23. d5 Nb4 24. Qd4 Bf5 25. Nge4 Qb6 26. Nf6+ Kh8 27. Qh4 h5
28. Qg5 Kg7 29. Nxh5+ Kh7 30. Rbd1 Nd3 31. Re2 Rbe8 32. Nf6+ Kg7 33. Nxe8+ Rxe8
34. Rxe8 Qxf2+ 35. Kh2 Nxb2 36. Rd2 {SirChess resigns} 1-0

[Event "ICS rated blitz match"]
[Site "204.178.125.65"]
[Date "1999.10.12"]
[Round "?"]
[White "Hossa"]
[Black "Skeletor"]
[Result "0-1"]
[WhiteElo "2393"]
[BlackElo "2678"]
[PlyCount "124"]
[EventDate "1999.??.??"]

1. d4 Nf6 2. c4 e6 3. Nf3 d5 4. Nc3 Be7 5. Bg5 h6 6. Bxf6 Bxf6 7. e3 O-O 8. Be2
dxc4 9. Bxc4 Nd7 10. Ne4 Be7 11. O-O Nb6 12. Rc1 Nxc4 13. Rxc4 b6 14. Rc2 Ba6
15. Re1 Qd5 16. Nc3 Qf5 17. Ne5 c5 18. Nc6 Bh4 19. e4 Qg5 20. dxc5 Bb7 21. Qd7
Bxc6 22. Qxc6 Rfc8 23. Qd7 Qxc5 24. Qd3 Rd8 25. Qh3 Bg5 26. Qf3 Qe5 27. Qh5
Rac8 28. Rd1 Rxd1+ 29. Qxd1 Rd8 30. Qe2 Be7 31. Rd2 Rxd2 32. Qxd2 Bb4 33. f3
Bc5+ 34. Kh1 Qd4 35. Qxd4 Bxd4 36. Nb5 Bxb2 37. Nxa7 Kf8 38. f4 f5 39. exf5
exf5 40. Nc8 Bd4 41. Nd6 g6 42. Nb5 Bc5 43. g3 Kf7 44. Kg2 Ke6 45. h4 Kd5 46.
Kf3 h5 47. Na7 Ba3 48. Ke3 Bb4 49. Kf2 Kc5 50. Nc8 Kb5 51. Na7+ Ka4 52. Nc6
Bc5+ 53. Ke2 Ka3 54. Ne5 Kxa2 55. Nxg6 b5 56. Ne5 Ba3 57. Nf3 b4 58. Ne5 b3 59.
Nd3 b2 60. Nxb2 Kxb2 61. Kf2 Bc5+ 62. Kg2 62... Kc2 {Hossa resigns} 0-1

[Event "ICS rated blitz match"]
[Site "204.178.125.65"]
[Date "1999.09.03"]
[Round "?"]
[White "Hossa"]
[Black "Slonik"]
[Result "1-0"]
[WhiteElo "2595"]
[BlackElo "2216"]
[PlyCount "53"]
[EventDate "1999.??.??"]

1. e4 d6 2. d4 Nf6 3. f3 g6 4. Bb5+ c6 5. Bd3 Bg7 6. Ne2 O-O 7. O-O e5 8. c3
Nbd7 9. Bg5 h6 10. Bh4 Qb6 11. b3 exd4 12. cxd4 Ne5 13. Bc2 g5 14. Bf2 Ng6 15.
Nbc3 Qc7 16. Rc1 Qe7 17. Bd3 Bd7 18. Qc2 Nh5 19. Rfe1 Ngf4 20. Be3 Kh8 21. Nxf4
gxf4 22. Bf2 Rg8 23. Qd2 Qf6 24. e5 dxe5 25. Rxe5 Ng3 26. hxg3 c5 27. Ne4 {
Slonik resigns} 1-0

[Event "ICS rated blitz match"]
[Site "204.178.125.65"]
[Date "1999.10.12"]
[Round "?"]
[White "Hossa"]
[Black "SluMan"]
[Result "1-0"]
[WhiteElo "2426"]
[BlackElo "2143"]
[PlyCount "83"]
[EventDate "1999.??.??"]

1. e4 e6 2. d4 d5 3. Nc3 Bb4 4. e5 c5 5. Bd2 cxd4 6. Nb5 a6 7. Bxb4 axb5 8. Nf3
Nc6 9. Bxb5 Bd7 10. Bxc6 Bxc6 11. O-O Ne7 12. Qd3 O-O 13. Ng5 Ng6 14. f4 h6 15.
Nxe6 fxe6 16. Qxg6 Re8 17. f5 Qg5 18. Qxg5 hxg5 19. fxe6 Rxe6 20. Bd6 Bb5 21.
Rfd1 d3 22. cxd3 Ree8 23. Rd2 Rec8 24. d4 Bc4 25. Rc2 Rc6 26. a3 Ra4 27. Rac1
Bb5 28. Rxc6 Bxc6 29. Bb4 Ra8 30. Be7 Re8 31. Bxg5 Rf8 32. Rf1 Rc8 33. b3 Bb5
34. Rc1 Rf8 35. h4 Be2 36. Kh2 Rf2 37. Rc2 b5 38. Kg3 Rf1 39. Rxe2 Ra1 40. e6
Kf8 41. Rf2+ Ke8 42. Rc2 {SluMan resigns} 1-0

[Event "ICS rated blitz match"]
[Site "204.178.125.65"]
[Date "1999.09.04"]
[Round "?"]
[White "Hossa"]
[Black "SluMan"]
[Result "1-0"]
[WhiteElo "2487"]
[BlackElo "2090"]
[PlyCount "57"]
[EventDate "1999.??.??"]

1. e4 g6 2. d4 Bg7 3. Nf3 c6 4. Bg5 d5 5. exd5 cxd5 6. Bb5+ Nc6 7. O-O Nf6 8.
Ne5 Bd7 9. Nxd7 Nxd7 10. Re1 Bf6 11. Bxf6 Nxf6 12. c3 O-O 13. Nd2 e6 14. Qf3 a6
15. Ba4 b5 16. Bb3 Na5 17. Qf4 Nc4 18. Bxc4 bxc4 19. b3 Nh5 20. Qh6 Rc8 21.
bxc4 dxc4 22. Ne4 f6 23. Nc5 e5 24. Ne6 Qd5 25. Nxf8 Rxf8 26. Rab1 Nf4 27. f3
Nd3 28. Re4 exd4 29. Re7 {SluMan resigns} 1-0

[Event "ICS rated blitz match"]
[Site "204.178.125.65"]
[Date "1999.09.01"]
[Round "?"]
[White "Hossa"]
[Black "Solido"]
[Result "1-0"]
[WhiteElo "2483"]
[BlackElo "2249"]
[PlyCount "63"]
[EventDate "1999.??.??"]

1. e4 d6 2. d4 e5 3. dxe5 dxe5 4. Qxd8+ Kxd8 5. Bc4 f6 6. Nc3 c6 7. Be3 Kc7 8.
O-O-O Nd7 9. Rd2 b5 10. Bf7 g6 11. Nge2 Bh6 12. Nd1 Bxe3 13. Nxe3 Nh6 14. Bb3
Nc5 15. f3 a5 16. a3 Nxb3+ 17. cxb3 Be6 18. Rd3 f5 19. exf5 gxf5 20. Rhd1 Rhd8
21. g3 e4 22. Rxd8 Rxd8 23. Nd4 Bd7 24. a4 bxa4 25. bxa4 c5 26. Nb3 Bxa4 27.
Rxd8 Kxd8 28. Nxc5 Bc6 29. fxe4 fxe4 30. Nc4 a4 31. Na5 Bb5 32. Nxe4 {
Solido resigns} 1-0

[Event "ICS rated blitz match"]
[Site "204.178.125.65"]
[Date "1999.10.11"]
[Round "?"]
[White "Hossa"]
[Black "Stafford"]
[Result "1-0"]
[WhiteElo "2394"]
[BlackElo "2085"]
[PlyCount "73"]
[EventDate "1999.??.??"]

1. e4 c5 2. Nf3 d6 3. d4 cxd4 4. Nxd4 Nf6 5. Nc3 a6 6. Bg5 e6 7. f4 Qb6 8. Nb3
Nbd7 9. Qd2 Be7 10. O-O-O Qc7 11. Be2 b5 12. Bf3 Bb7 13. Qe3 O-O-O 14. Rhf1 Kb8
15. Rfe1 Rhe8 16. e5 dxe5 17. fxe5 Bxf3 18. gxf3 Ng8 19. Bxe7 Nxe7 20. f4 Nf5
21. Qe4 Nc5 22. Nxc5 Qxc5 23. Rg1 g6 24. Kb1 Rd4 25. Rxd4 Qxd4 26. Rd1 Qxe4 27.
Nxe4 Kc7 28. Nf6 Rd8 29. Rxd8 Kxd8 30. Nxh7 Nd4 31. Ng5 Ke7 32. c3 Ne2 33. Nh3
f6 34. Kc2 g5 35. exf6+ Kxf6 36. fxg5+ Kf5 37. Kd1 {Stafford resigns} 1-0

[Event "ICS rated blitz match"]
[Site "204.178.125.65"]
[Date "1999.10.11"]
[Round "?"]
[White "Hossa"]
[Black "Stafford"]
[Result "1-0"]
[WhiteElo "2403"]
[BlackElo "2076"]
[PlyCount "59"]
[EventDate "1999.??.??"]

1. e4 c5 2. Nf3 d6 3. d4 cxd4 4. Nxd4 Nf6 5. Nc3 a6 6. Bg5 e6 7. f4 Qb6 8. Nb3
Nbd7 9. Qd2 Be7 10. O-O-O Qc7 11. Be2 b5 12. Bf3 Bb7 13. Qe3 O-O-O 14. Rhf1
Rhe8 15. Qd4 Kb8 16. Rd2 Nc5 17. Nxc5 dxc5 18. Qe3 Rxd2 19. Qxd2 Rd8 20. Qe3
Bc6 21. Rd1 b4 22. Rxd8+ Qxd8 23. Ne2 Bb5 24. Bh4 Bc4 25. b3 Bb5 26. c4 Bc6 27.
e5 Bxf3 28. exf6 gxf6 29. Qxf3 Qa5 30. Qc6 {Stafford resigns} 1-0

[Event "ICS rated blitz match"]
[Site "204.178.125.65"]
[Date "1999.09.16"]
[Round "?"]
[White "Hossa"]
[Black "Stafford"]
[Result "1-0"]
[WhiteElo "2460"]
[BlackElo "2020"]
[PlyCount "131"]
[EventDate "1999.??.??"]

1. Nf3 Nf6 2. g3 g6 3. Bg2 Bg7 4. c4 O-O 5. O-O d6 6. d4 Nbd7 7. Nc3 c6 8. e4
Re8 9. Bg5 a5 10. Qd2 a4 11. Bh6 Qa5 12. Bxg7 Kxg7 13. Rad1 e5 14. dxe5 dxe5
15. Qd6 Qc5 16. Qd3 Nb6 17. b3 Be6 18. Ng5 Bg4 19. Qd6 Qxd6 20. Rxd6 axb3 21.
axb3 Red8 22. c5 Rxd6 23. cxd6 h6 24. Nf3 Bxf3 25. Bxf3 Ra3 26. Bd1 Kf8 27. f4
Nfd7 28. h3 Ke8 29. Rf3 Ra1 30. Kg2 Nc8 31. Rd3 Kd8 32. Kf3 Nc5 33. Rd2 f6 34.
fxe5 fxe5 35. Ke3 Ne6 36. Bg4 Nd4 37. Bxc8 Kxc8 38. Rxd4 exd4+ 39. Kxd4 Rg1 40.
Ne2 Rb1 41. Kc3 Kd7 42. e5 g5 43. Kc2 Rh1 44. Kd2 Rxh3 45. Ke3 h5 46. Kf3 h4
47. Kg4 Rh2 48. Nd4 hxg3 49. Kxg3 Rd2 50. Nf3 Rd3 51. b4 Rxf3+ 52. Kxf3 b6 53.
Kg4 Ke6 54. Kxg5 c5 55. b5 c4 56. Kf4 c3 57. Ke3 c2 58. Kd2 c1=Q+ 59. Kxc1 Kd7
60. Kc2 Ke6 61. Kd3 Kd7 62. Ke4 Ke6 63. d7 Kxd7 64. Kd5 Kc7 65. e6 Kd8 66. Kd6
{Stafford resigns} 1-0

[Event "ICS rated blitz match"]
[Site "204.178.125.65"]
[Date "1999.09.17"]
[Round "?"]
[White "Hossa"]
[Black "Stafford"]
[Result "1-0"]
[WhiteElo "2468"]
[BlackElo "2010"]
[PlyCount "29"]
[EventDate "1999.??.??"]

1. Nf3 Nf6 2. g3 g6 3. Bg2 Bg7 4. c4 O-O 5. O-O d6 6. d4 c6 7. Nc3 Nbd7 8. e4
a5 9. Bg5 h6 10. Bf4 Re8 11. Qd2 Kh7 12. Rfe1 Qc7 13. e5 dxe5 14. Nxe5 a4 15.
Nxf7 {Stafford resigns} 1-0

[Event "ICS rated blitz match"]
[Site "204.178.125.65"]
[Date "1999.09.16"]
[Round "?"]
[White "Hossa"]
[Black "Stafford"]
[Result "1-0"]
[WhiteElo "2432"]
[BlackElo "2033"]
[PlyCount "81"]
[EventDate "1999.??.??"]

1. Nf3 Nf6 2. g3 g6 3. Bg2 Bg7 4. c4 O-O 5. O-O d6 6. d4 c6 7. Nc3 Nbd7 8. e4
Re8 9. Bg5 e5 10. d5 c5 11. b3 a6 12. Qd3 Qc7 13. Nd2 h6 14. Be3 Nh7 15. f4
Ndf6 16. fxe5 Rxe5 17. Rad1 Re8 18. Kh1 Ng4 19. a4 Nxe3 20. Qxe3 Nf6 21. Ne2
Ng4 22. Qf4 Ne5 23. Nf3 Rf8 24. Nxe5 Bxe5 25. Qxh6 Bg7 26. Qd2 Qe7 27. Qe3 Be5
28. Nf4 Kg7 29. Nd3 Bf6 30. e5 Bxe5 31. Nxe5 Qxe5 32. Qf3 Bf5 33. Rde1 Qd4 34.
Re7 Rae8 35. Rxb7 Re3 36. Qf2 Qd3 37. Qf4 Re2 38. Qxd6 Qc2 39. g4 Bxg4 40. Qf6+
Kg8 41. Rxf7 {Stafford resigns} 1-0

[Event "ICS rated blitz match"]
[Site "204.178.125.65"]
[Date "1999.09.16"]
[Round "?"]
[White "Hossa"]
[Black "Stafford"]
[Result "1-0"]
[WhiteElo "2464"]
[BlackElo "2016"]
[PlyCount "121"]
[EventDate "1999.??.??"]

1. Nf3 Nf6 2. g3 g6 3. Bg2 Bg7 4. c4 O-O 5. O-O d6 6. d4 Nbd7 7. Nc3 c6 8. e4
a5 9. Bg5 Re8 10. Qd2 a4 11. Bh6 e5 12. Bxg7 Kxg7 13. Rae1 Qa5 14. dxe5 dxe5
15. Qd6 Qc5 16. Qxc5 Nxc5 17. Nd2 Bg4 18. f3 Be6 19. Re3 Red8 20. Rd1 Rd7 21.
Ncb1 Rad8 22. b3 axb3 23. axb3 Nd3 24. Re2 Nb2 25. Rc1 Nd3 26. Rd1 Ne8 27. Nf1
Nc5 28. Rxd7 Rxd7 29. Nbd2 Nc7 30. Re1 N7a6 31. Ra1 Kf6 32. h4 h6 33. g4 g5 34.
h5 Nd3 35. Kh2 Ndb4 36. Ra5 b6 37. Ra4 c5 38. Ra1 Rd3 39. Kg3 Bc8 40. Kf2 Nc2
41. Ra2 Nd4 42. Rb2 Nb4 43. Ne3 Rc3 44. Nd5+ Nxd5 45. exd5 Rc2 46. Rxc2 Nxc2
47. Bf1 Nd4 48. Bd3 Ke7 49. Ke3 Kd6 50. Be4 Bd7 51. Kf2 f6 52. Bd3 f5 53. Bxf5
Nxf5 54. gxf5 Bxf5 55. Kg2 Bc2 56. Kg3 b5 57. Ne4+ Ke7 58. cxb5 Bxb3 59. d6+
Kd8 60. b6 Bd5 61. Nxc5 {Stafford resigns} 1-0

[Event "ICS rated blitz match"]
[Site "204.178.125.65"]
[Date "1999.09.16"]
[Round "?"]
[White "Hossa"]
[Black "Stafford"]
[Result "1-0"]
[WhiteElo "2460"]
[BlackElo "2023"]
[PlyCount "95"]
[EventDate "1999.??.??"]

1. Nf3 Nf6 2. g3 g6 3. Bg2 Bg7 4. c4 O-O 5. O-O d6 6. d4 Nbd7 7. Nc3 c6 8. e4
Re8 9. Bg5 a5 10. Qd2 a4 11. Bh6 a3 12. Bxg7 Kxg7 13. b3 Qc7 14. Rad1 e5 15.
dxe5 dxe5 16. Qd6 Qxd6 17. Rxd6 Nc5 18. Nd2 Be6 19. f4 exf4 20. Rxf4 Rad8 21.
e5 Rxd6 22. exd6 Rd8 23. Rd4 Ncd7 24. Ndb1 Ra8 25. b4 Ra7 26. c5 Ng4 27. h3
Nge5 28. Rd1 Nc4 29. Re1 Ra8 30. Kf2 Nde5 31. Bf1 Rd8 32. Nxa3 Ng4+ 33. hxg4
Nxa3 34. g5 Nc2 35. Re4 h6 36. gxh6+ Kxh6 37. a4 Kg7 38. Bd3 Bf5 39. Bxc2 Bxe4
40. Bxe4 f6 41. a5 f5 42. Bg2 Kf6 43. a6 bxa6 44. Bxc6 Rb8 45. Nd5+ Kf7 46. Bd7
a5 47. c6 a4 48. c7 {Stafford resigns} 1-0

[Event "ICS rated blitz match"]
[Site "204.178.125.65"]
[Date "1999.09.16"]
[Round "?"]
[White "Hossa"]
[Black "Stafford"]
[Result "1-0"]
[WhiteElo "2456"]
[BlackElo "2027"]
[PlyCount "69"]
[EventDate "1999.??.??"]

1. Nf3 Nf6 2. g3 g6 3. Bg2 Bg7 4. c4 O-O 5. O-O d6 6. d4 c6 7. Nc3 Nbd7 8. e4
Qc7 9. Bg5 a5 10. Qd2 Re8 11. Bh6 e5 12. Bxg7 Kxg7 13. Qg5 h6 14. Qd2 a4 15.
Rad1 a3 16. b3 Re7 17. dxe5 dxe5 18. Rfe1 Nc5 19. Qe3 b6 20. b4 Ne6 21. Qc1 Bb7
22. Re3 c5 23. bxc5 bxc5 24. Nd5 Bxd5 25. exd5 Nd4 26. d6 Qxd6 27. Nxd4 exd4
28. Bxa8 Rxe3 29. fxe3 Qa6 30. Bf3 dxe3 31. Rd3 e2 32. Bxe2 Qe6 33. Re3 Qf5 34.
Qxa3 Ne4 35. Qb2+ {Stafford resigns} 1-0

[Event "ICS rated blitz match"]
[Site "204.178.125.65"]
[Date "1999.09.16"]
[Round "?"]
[White "Hossa"]
[Black "Stafford"]
[Result "1-0"]
[WhiteElo "2438"]
[BlackElo "2045"]
[PlyCount "51"]
[EventDate "1999.??.??"]

1. Nf3 Nf6 2. g3 g6 3. Bg2 Bg7 4. c4 O-O 5. O-O d6 6. d4 Nbd7 7. Nc3 c6 8. e4
Re8 9. Bg5 Qc7 10. Qd2 a5 11. Bh6 e5 12. Bxg7 Kxg7 13. Qg5 a4 14. Rad1 a3 15.
b4 h6 16. Qe3 Ng4 17. Qd3 b6 18. dxe5 dxe5 19. Qd6 Qxd6 20. Rxd6 Re6 21. Rxe6
fxe6 22. Bh3 h5 23. Rd1 Ra7 24. Rd6 Rc7 25. Rxe6 Kf7 26. Ng5+ {Stafford resigns
} 1-0

[Event "ICS rated blitz match"]
[Site "204.178.125.65"]
[Date "1999.09.16"]
[Round "?"]
[White "Hossa"]
[Black "Stafford"]
[Result "1-0"]
[WhiteElo "2450"]
[BlackElo "2033"]
[PlyCount "73"]
[EventDate "1999.??.??"]

1. Nf3 Nf6 2. g3 g6 3. Bg2 Bg7 4. c4 O-O 5. O-O d6 6. d4 Nbd7 7. Nc3 c6 8. e4
a5 9. Bg5 h6 10. Bf4 Nh5 11. Be3 Nhf6 12. Qd2 Kh7 13. Rad1 a4 14. Qc2 Qa5 15.
Qd3 e5 16. dxe5 dxe5 17. Qd6 Re8 18. a3 Re6 19. Qd2 Nc5 20. Qc2 Nb3 21. Rd3 Re8
22. Nd2 Nxd2 23. Bxd2 Be6 24. Nb5 Qb6 25. Be3 Qa5 26. Nd6 Re7 27. Bd2 Qc7 28.
Bc3 Nd7 29. Bb4 c5 30. Bd2 Nb6 31. f4 Rd8 32. Nb5 Qc8 33. Rxd8 Qxd8 34. Ba5 Rd7
35. Bxb6 Qxb6 36. f5 Bxc4 37. Qxc4 {Stafford resigns} 1-0

[Event "ICS rated blitz match"]
[Site "204.178.125.65"]
[Date "1999.09.16"]
[Round "?"]
[White "Hossa"]
[Black "Stafford"]
[Result "1-0"]
[WhiteElo "2456"]
[BlackElo "2027"]
[PlyCount "43"]
[EventDate "1999.??.??"]

1. Nf3 Nf6 2. g3 g6 3. Bg2 Bg7 4. c4 O-O 5. O-O d6 6. d4 Nbd7 7. Nc3 c6 8. e4
a5 9. Bg5 h6 10. Bf4 Re8 11. Qd2 Kh7 12. Rfe1 a4 13. b3 a3 14. Rad1 Qa5 15. Nb1
e5 16. Qxa5 Rxa5 17. dxe5 dxe5 18. Bd2 Ra8 19. Bb4 Bf8 20. Bxf8 Nxf8 21. Rd6
Bg4 22. Rxf6 {Stafford resigns} 1-0

[Event "ICS rated blitz match"]
[Site "204.178.125.65"]
[Date "1999.09.16"]
[Round "?"]
[White "Hossa"]
[Black "Stafford"]
[Result "1-0"]
[WhiteElo "2432"]
[BlackElo "2051"]
[PlyCount "77"]
[EventDate "1999.??.??"]

1. Nf3 Nf6 2. g3 g6 3. Bg2 Bg7 4. c4 O-O 5. O-O d6 6. d4 Nbd7 7. Nc3 c6 8. e4
a5 9. Bg5 Qc7 10. Qd2 e5 11. Bh6 a4 12. Bxg7 Kxg7 13. Rad1 Re8 14. dxe5 dxe5
15. Qd6 Qxd6 16. Rxd6 Nb6 17. b3 Bg4 18. Ng5 h6 19. f3 Bd7 20. Nh3 Bxh3 21.
Bxh3 axb3 22. axb3 Red8 23. Rxd8 Rxd8 24. Rd1 Rxd1+ 25. Nxd1 Kf8 26. Ne3 Ke7
27. c5 Na8 28. Bc8 Nc7 29. Bxb7 Nd7 30. Bxc6 Nxc5 31. b4 N5e6 32. Kf2 Nd4 33.
Nd5+ Kd6 34. Bb7 Ncb5 35. Ne3 Nc3 36. Nc4+ Kc7 37. Bd5 f6 38. Ne3 Ncb5 39. Ng4
{Stafford resigns} 1-0

[Event "ICS rated blitz match"]
[Site "204.178.125.65"]
[Date "1999.09.16"]
[Round "?"]
[White "Hossa"]
[Black "Stafford"]
[Result "1-0"]
[WhiteElo "2444"]
[BlackElo "2039"]
[PlyCount "43"]
[EventDate "1999.??.??"]

1. Nf3 Nf6 2. g3 g6 3. Bg2 Bg7 4. c4 O-O 5. O-O d6 6. d4 c6 7. Nc3 Nbd7 8. e4
e5 9. Bg5 a5 10. b3 Qc7 11. Qd2 Re8 12. Bh6 exd4 13. Nxd4 Nc5 14. Bxg7 Kxg7 15.
f3 Nfd7 16. Rad1 Ne5 17. Nde2 Rd8 18. f4 Ned3 19. Qe3 Nb4 20. e5 dxe5 21. Rxd8
Qxd8 22. Qxe5+ {Stafford resigns} 1-0

[Event "ICS rated blitz match"]
[Site "204.178.125.65"]
[Date "1999.09.22"]
[Round "?"]
[White "Hossa"]
[Black "StillRooked"]
[Result "0-1"]
[WhiteElo "1910"]
[BlackElo "1523"]
[PlyCount "132"]
[EventDate "1999.??.??"]

1. f4 d5 2. Nf3 Nc6 3. d4 g6 4. e3 Bg7 5. Bb5 Bd7 6. O-O a6 7. Bxc6 Bxc6 8. Re1
e6 9. Ng5 Nf6 10. Na3 Qe7 11. c3 O-O-O 12. Bd2 h6 13. Nf3 Ne4 14. Bc1 g5 15.
fxg5 hxg5 16. Rf1 g4 17. Nd2 Qh4 18. Nxe4 Qxh2+ 19. Kf2 dxe4 20. Qxg4 Rdg8 21.
Ke1 Bxd4 22. Qf4 Be5 23. Qxh2 Rxh2 24. Rxf7 Rgxg2 25. Rf8+ Kd7 26. Kf1 Ke7 27.
Rc8 Rf2+ 28. Kg1 Bg3 29. Rg8 Rfg2+ 30. Kf1 Rf2+ 31. Kg1 Be5 32. Rc8 Be8 33. b3
Bg3 34. Bd2 Rxd2 35. Nc4 Rc2 36. Na3 Rxc3 37. Rd1 Bd7 38. Rg8 Rxe3 39. Rg7+ Kf6
40. Rxg3 Rxg3+ 41. Kxh2 Rg7 42. Nc4 b5 43. Nd2 Ke5 44. Re1 Bc6 45. Nxe4 Bxe4
46. Kh3 Kd5 47. Rd1+ Kc6 48. Rc1+ Kd6 49. Rd1+ Bd5 50. Kh4 c5 51. Rf1 a5 52.
Rd1 a4 53. Rd2 axb3 54. axb3 Rg1 55. Rd3 c4 56. bxc4 bxc4 57. Ra3 Rg6 58. Ra6+
Ke5 59. Ra3 Kd4 60. Kh5 Rg1 61. Ra7 c3 62. Ra4+ Kd3 63. Ra6 c2 64. Kh6 c1=Q+
65. Kh7 Qc7+ 66. Kh6 66... Qh2# {Hossa checkmated} 0-1

[Event "ICS rated blitz match"]
[Site "204.178.125.65"]
[Date "1999.09.11"]
[Round "?"]
[White "Hossa"]
[Black "Stoshu"]
[Result "1-0"]
[WhiteElo "2451"]
[BlackElo "2035"]
[PlyCount "143"]
[EventDate "1999.??.??"]

1. e4 c5 2. Nf3 Nc6 3. d4 cxd4 4. Nxd4 e5 5. Nb5 a6 6. Nd6+ Bxd6 7. Qxd6 Qf6 8.
Qd1 Qg6 9. Nc3 Nge7 10. Be3 O-O 11. Bc5 d6 12. Qxd6 Be6 13. Qc7 Rfd8 14. Qxb7
Rab8 15. Qxa6 Rxb2 16. Qa3 Rxc2 17. Bb6 Rxc3 18. Qxc3 Qxe4+ 19. Be3 f5 20. f3
Qh4+ 21. g3 Qa4 22. Bc5 Nd5 23. Qa3 Qxa3 24. Bxa3 Ne3 25. Rc1 Nd4 26. Kf2 Ndc2
27. Bb2 Nd1+ 28. Rxd1 Rxd1 29. Bc3 Kf7 30. a4 Rd8 31. Bg2 Nd4 32. Re1 Kf6 33.
f4 Nc2 34. Bxe5+ Kf7 35. Re2 Nb4 36. Bc7 Rc8 37. Bb6 Rc2 38. Rxc2 Nxc2 39. a5
Bc4 40. Bb7 Nb4 41. Ke3 Na6 42. Kd4 Bf1 43. Bd5+ Ke7 44. Bc4 Bxc4 45. Kxc4 Kd6
46. Kb5 Nb8 47. a6 Nxa6 48. Kxa6 g6 49. Kb5 Kd5 50. Ba5 Ke4 51. Kc6 h6 52. Bc3
g5 53. fxg5 hxg5 54. Bb4 f4 55. gxf4 gxf4 56. Bd6 f3 57. Bg3 Kf5 58. h3 Kg5 59.
Kc5 Kf5 60. Kd5 Kg5 61. Ke4 Kh5 62. Kxf3 Kh6 63. Kg4 Kh7 64. Kg5 Kg7 65. h4 Kh7
66. h5 Kg7 67. h6+ Kh7 68. Bd6 Kg8 69. Kg6 Kh8 70. Bc5 Kg8 71. h7+ Kh8 72. Bd4#
{Stoshu checkmated} 1-0

[Event "ICS rated blitz match"]
[Site "204.178.125.65"]
[Date "1999.09.11"]
[Round "?"]
[White "Hossa"]
[Black "Stoshu"]
[Result "1-0"]
[WhiteElo "2457"]
[BlackElo "2029"]
[PlyCount "55"]
[EventDate "1999.??.??"]

1. e4 c6 2. d4 d5 3. Nc3 dxe4 4. Nxe4 Bf5 5. Ng3 Nf6 6. Nxf5 Qa5+ 7. c3 Qxf5 8.
Be2 Qd7 9. Nf3 e6 10. O-O Bd6 11. Bg5 Qc7 12. Bxf6 gxf6 13. Bd3 Nd7 14. Qa4 a6
15. Rfe1 O-O-O 16. b4 h5 17. Qb3 h4 18. Bf1 f5 19. a4 Nf6 20. Ne5 Ng4 21. f4 f6
22. Qxe6+ Kb8 23. Nxg4 fxg4 24. Qxg4 Bxf4 25. Qh3 Bg5 26. b5 cxb5 27. axb5 Qxc3
28. Qxc3 {Stoshu resigns} 1-0

[Event "ICS rated blitz match"]
[Site "204.178.125.65"]
[Date "1999.09.11"]
[Round "?"]
[White "Hossa"]
[Black "Stoshu"]
[Result "1-0"]
[WhiteElo "2462"]
[BlackElo "2024"]
[PlyCount "85"]
[EventDate "1999.??.??"]

1. e4 c5 2. Nf3 Nc6 3. d4 cxd4 4. Nxd4 e5 5. Nb5 a6 6. Nd6+ Bxd6 7. Qxd6 Qf6 8.
Qd1 Qg6 9. Nc3 Nge7 10. Be3 O-O 11. Bc5 d6 12. Qxd6 Be6 13. Qc7 Rac8 14. Qxb7
Rb8 15. Qxa6 Rxb2 16. Qa4 Rfb8 17. Ba3 R2b7 18. Bd6 Rd8 19. Bc5 f5 20. Bc4 Qxg2
21. Bxe6+ Kh8 22. Rf1 Rd4 23. Qa6 Rxe4+ 24. Nxe4 Qxe4+ 25. Qe2 Qxe2+ 26. Kxe2
Nd4+ 27. Bxd4 exd4 28. Rab1 Rxb1 29. Rxb1 h6 30. Rb8+ Kh7 31. Re8 Ng6 32. Bxf5
h5 33. a4 Kh6 34. Re6 Kg5 35. Bxg6 Kf4 36. a5 d3+ 37. cxd3 h4 38. h3 Kg5 39. a6
Kh6 40. a7 Kg5 41. a8=Q Kh6 42. Qc8 Kg5 43. Qc1# {Stoshu checkmated} 1-0

[Event "ICS rated blitz match"]
[Site "204.178.125.65"]
[Date "1999.09.13"]
[Round "?"]
[White "Hossa"]
[Black "StrongBach"]
[Result "1-0"]
[WhiteElo "2408"]
[BlackElo "1882"]
[PlyCount "67"]
[EventDate "1999.??.??"]

1. e4 d5 2. d4 dxe4 3. Nc3 Bf5 4. f3 Nf6 5. g4 Bd7 6. g5 Ng8 7. fxe4 Nc6 8. Bg2
h6 9. d5 Nb8 10. Nf3 e6 11. g6 fxg6 12. dxe6 Bxe6 13. Qxd8+ Kxd8 14. Ne5 Ne7
15. Bh3 Bg8 16. O-O Ke8 17. Nb5 Nd5 18. Rxf8+ Kxf8 19. Nxg6+ Ke8 20. exd5 Rh7
21. Nxc7+ Kf7 22. Ne5+ Kf6 23. Ng4+ Kg6 24. Ne3 Bxd5 25. Bf5+ Kg5 26. Bxh7 Kh5
27. Nexd5 g6 28. Nf4+ Kg4 29. h3+ Kh4 30. Bxg6 Kg3 31. a4 Kh4 32. Ng2+ Kxh3 33.
Bf5+ Kg3 34. Ra3# {StrongBach checkmated} 1-0

[Event "ICS rated blitz match"]
[Site "204.178.125.65"]
[Date "1999.09.20"]
[Round "?"]
[White "Hossa"]
[Black "StrongBach"]
[Result "1-0"]
[WhiteElo "2395"]
[BlackElo "1736"]
[PlyCount "57"]
[EventDate "1999.??.??"]

1. e4 e5 2. Nf3 Nc6 3. Bb5 Qf6 4. d3 Nge7 5. O-O b6 6. Bg5 Qd6 7. Na3 Qb4 8.
Bc4 Qxb2 9. Nb5 Rb8 10. Rb1 Qxb1 11. Qxb1 f6 12. Be3 Rb7 13. Qb3 Nd8 14. Rb1 a6
15. Nxc7+ Rxc7 16. Bxb6 Rc6 17. d4 d6 18. d5 Rxc4 19. Qxc4 f5 20. exf5 Bxf5 21.
Qxa6 Nc8 22. Be3 Bg4 23. Rb8 e4 24. Qa4+ Bd7 25. Qxe4+ Ne7 26. Bb6 Bf5 27. Ng5
Bc8 28. Rxc8 g6 29. Rxd8# {StrongBach checkmated} 1-0

[Event "ICS rated blitz match"]
[Site "204.178.125.65"]
[Date "1999.09.06"]
[Round "?"]
[White "Hossa"]
[Black "Symphony"]
[Result "1-0"]
[WhiteElo "2549"]
[BlackElo "2034"]
[PlyCount "67"]
[EventDate "1999.??.??"]

1. d4 Nf6 2. c4 g6 3. Nc3 d5 4. cxd5 Nxd5 5. e4 Nxc3 6. bxc3 Bg7 7. Bb5+ Bd7 8.
Rb1 c6 9. Bd3 O-O 10. Rxb7 c5 11. Ne2 Nc6 12. dxc5 Ne5 13. Bb1 Bc6 14. Qxd8
Rfxd8 15. Rc7 Rab8 16. Bc2 Bb5 17. Nd4 Bc4 18. Rxe7 Bd3 19. Rxa7 Rxd4 20. cxd4
Nc6 21. Bxd3 Nxa7 22. d5 Bd4 23. c6 Be5 24. a4 Rb3 25. Ke2 Nc8 26. a5 Rb4 27.
a6 Ra4 28. Bd2 Ra2 29. Ke3 Nd6 30. Bb4 Rb2 31. a7 Ra2 32. f4 Bxf4+ 33. Kxf4
Rxa7 34. Bxd6 {Symphony resigns} 1-0

[Event "ICS rated blitz match"]
[Site "204.178.125.65"]
[Date "1999.09.27"]
[Round "?"]
[White "Hossa"]
[Black "TDChess"]
[Result "1-0"]
[WhiteElo "2469"]
[BlackElo "2466"]
[PlyCount "75"]
[EventDate "1999.??.??"]

1. e4 e6 2. d4 c5 3. Nf3 cxd4 4. Nxd4 Nf6 5. Nc3 Bb4 6. e5 Nd5 7. Ndb5 O-O 8.
Bc4 Nxc3 9. bxc3 Qh4 10. Bd3 Ba5 11. Ba3 a6 12. Bxf8 Kxf8 13. Nd6 Bxc3+ 14. Kf1
Bxa1 15. Qxa1 Nc6 16. Be4 Qh5 17. Bxc6 bxc6 18. h4 a5 19. c4 Ba6 20. Rh3 f6 21.
f4 fxe5 22. fxe5 Kg8 23. Qc3 Qd1+ 24. Kf2 Rf8+ 25. Rf3 Rxf3+ 26. gxf3 Qa4 27.
a3 h6 28. Qd3 c5 29. h5 Qc6 30. Qg6 Qc7 31. Qe8+ Kh7 32. f4 Qb6 33. Qg6+ Kg8
34. Qf7+ Kh7 35. Ne8 Qb2+ 36. Kg3 Qc3+ 37. Kg4 Qf3+ 38. Kxf3 {TDChess resigns}
1-0

[Event "ICS rated blitz match"]
[Site "204.178.125.65"]
[Date "1999.09.17"]
[Round "?"]
[White "Hossa"]
[Black "TDChess"]
[Result "0-1"]
[WhiteElo "2416"]
[BlackElo "2493"]
[PlyCount "39"]
[EventDate "1999.??.??"]

1. d4 Nf6 2. c4 e6 3. Nf3 Na6 4. Nc3 Bb4 5. Bg5 c5 6. e3 Qa5 7. Bxf6 Bxc3+ 8.
bxc3 Qxc3+ 9. Nd2 gxf6 10. d5 Nb4 11. Rc1 Qa3 12. Ne4 f5 13. Rc3 Qa5 14. Nd6+
Ke7 15. dxe6 dxe6 16. Qd2 Rd8 17. a3 Rxd6 18. axb4 cxb4 19. Rd3 Rxd3 20. Qxd3 {
Hossa resigns} 0-1